01458 2200265 4500001002100000005001500021035002000036007000300056008004100059040001200100100001600112245008200128250001100210300002300221020002200244082001000266084001600276260003200292500077200324650001501096850001201111990002301123990002301146990002301169INLIS00000000069361620210830101511 a0010-0821000094ta210830 g 0 ind  aJIPUBAY0 aHasan basri1 aMudah belajar bahasa Inggris lewat teks terjemahan /cHasan basri, S.Pd.,M.A. acet. 1 a200 hlm. ;c20 cm. a978-623-6564-40-0 a420.7 a420.7 HAS m aYogyakarta :bNoktah,c2020 aKemampuan memahami teks termasuk salah satu goal yang ingin dicapai oleh banyak orang yang belajar bahasa Inggris. Pemahaman tersebut tidak sebatas pada kata per kata atau frasa per frasa, tetapi pemahaman terhadap teks secara menyeluruh.Untuk mencapai goal tersebut, diperlukan praktik sesering mungkin dengan membaca teks dan mempelajarinya. Buku ini mengajak Anda berselancar dan belajar bahasa Inggris lewat beragam teks bacaan yang dilengkapi dengan pembahasan kosakata, terjemah, dan pengetahuan lainnya.Buku ini sangat tepat untuk meningkatkan pemahaman Anda terhadap teks berbahasa Inggris. Ragam tema mulai ekonomi, politik, sosial, pariwisata, hingga sejarah tidak hanya mampu meningkatkan keterampilan bahasa Inggris Anda, tetapi juga menambah pengetahuan. 4aPendidikan aJIPUBAY a504379/DPKBWI/2021 a504380/DPKBWI/2021 a504381/DPKBWI/2021